000
00298nam a22001337a 4500
008
170302b xxu||||| |||| 00| 0 eng d
020
_a
0815185189
041
_a
eng
080
_2
3ED
_a
616.073
100
_a
5
101
_a
SHM
245
_a
MAGNETIC RESONANCE IMAGING
_c
STARK.D.D
942
_2
udc
_c
BK
999
_c
6554
_d
6554